000
00269nam a2200097Ia 4500
001
1096926
005
20250827003043.0
008
250824s9999 xx 000 0 und d
245
0
_a
AŞKIN GÖZYAŞLARI KİMYA HATUN
_c
SİNAN YAĞMUR
260
_b
KARATAY AKADEMİ YAYINLARI
999
_c
1096926
_d
1096926